Aranceles elevados en los grandes mercados: desventaja para los países en desarrollo.

Liberalizácia obchodu - postupné znižovanie colných tarifov a následný rast svetovej ekonomiky. Jednanie o nových colných tarifoch na Uruguajskom kole GATTu. Dovozy podľa colných tarifov pred a po Uruguajskom kole - ES, USA a Japonsko. Ponuka ES, USA a Japonska ohľadne problematiky vysokých colných...

Descrizione completa

Salvato in:
Dettagli Bibliografici
Autore principale: Durán, E.
Altri autori: Marchese, S., Vossenaar, R.
Natura: Capitolo di libro
Lingua:spagnolo
Soggetti:
Tags: Aggiungi Tag
Nessun Tag, puoi essere il primo ad aggiungerne!!

MARC

LEADER 00000naa a2200000 4500
001 r009826
005 20221130112523.4
041 0 |a spa 
044 |a MX 
245 1 0 |a Aranceles elevados en los grandes mercados: desventaja para los países en desarrollo.  |c E. Durán, S. Marchese, R. Vossenaar 
520 |a Liberalizácia obchodu - postupné znižovanie colných tarifov a následný rast svetovej ekonomiky. Jednanie o nových colných tarifoch na Uruguajskom kole GATTu. Dovozy podľa colných tarifov pred a po Uruguajskom kole - ES, USA a Japonsko. Ponuka ES, USA a Japonska ohľadne problematiky vysokých colných taríf. 
610 2 0 |a tarify colné 
610 2 0 |a obchod zahraničný 
610 2 0 |a liberalizácia 
610 2 0 |a hospodárstvo svetové 
610 2 0 |a krajiny rozvojové 
610 2 0 |a GATT 
610 2 0 |a Európske spoločenstvá 
610 2 0 |a USA 
610 2 0 |a Japonsko 
610 2 0 |a trh medzinárodný 
100 1 |a Durán, E. 
700 1 |a Marchese, S. 
700 1 |a Vossenaar, R.